• 首页
  • 本馆介绍
  • 公告通知
  • 最新文献
  • 馆藏检索
  • 电子资源
  • 读者导购
  • 参考咨询
  • 我的图书馆
  • 登录
  • 详细信息显示
  • 放入我的书架
  • 预约/预借图书
  • 作者相关作品
  • 分类相关作品
  • 丛书相关作品
  • 出版社相关作品

书目信息

  • 表格格式
  • 工作单格式
  • 卡片格式
题名:
主持艺术语言
    
 
作者: 宋怀强 , 陈贝贝 编著
分册:  
出版信息: 北京   文化艺术出版社  2010
页数: 272页
开本: 23cm
丛书名:
单 册:
中图分类: G222.2
科图分类:
主题词: 主持人--语言艺术--高等学校--教材 , 主持人 , 语言艺术
电子资源:
ISBN: 978-7-5039-4162-7
000 01023nam0 2200289 45
001 1050898547
005 20100416085110.04
010    @a978-7-5039-4162-7@dCNY34.00
100    @a20100408d2010 em y0chiy50 ea
101 0  @achi
102    @aCN@b110000
105    @ay z 000yy
106    @ar
200 1  @a主持艺术语言@AZhu Chi Yi Shu Yu Yan@dHost artistic language@f宋怀强,陈贝贝编著@FSong Huai Qiang, Chen Bei Bei Bian Zhu@zeng
210    @a北京@c文化艺术出版社@d2010
215    @a272页@d23cm
300    @a规划建设教材
330    @a本书内容包括:呼吸、字音基础、表达基础、诗歌朗诵、寓言朗育、散文朗读、戏剧影视人物独白、单白、名人书信、名人演讲、电视散文篇、电视诗歌与随笔篇、文学专题篇。
510 1  @aHost artistic language@zeng
606 0  @a主持人@x语言艺术@x高等学校@j教材
606 0  @a主持人
606 0  @a语言艺术
690    @aG222.2@v4
701  0 @a宋怀强@ASong Huai Qiang@4编著
701  0 @a陈贝贝@AChen Bei Bei@4编著
801  0 @aCN@bTANGWEI@c20100416
905    @b0591548-52@dG222.2@e104@f5
    
    主持艺术语言=Host artistic language/宋怀强,陈贝贝编著.-北京:文化艺术出版社,2010
    272页;23cm
    规划建设教材
    
    ISBN 978-7-5039-4162-7:CNY34.00
    本书内容包括:呼吸、字音基础、表达基础、诗歌朗诵、寓言朗育、散文朗读、戏剧影视人物独白、单白、名人书信、名人演讲、电视散文篇、电视诗歌与随笔篇、文学专题篇。
●
相关链接 在E读中查询图书 在五车中查询图书 在当当中查询图书 在豆瓣中查询图书


正题名:主持艺术语言     索取号:G222.2/104         预约/预借

序号 登录号 条形码 馆藏地/架位号 状态 备注
1 0591548   205915483   第一样本阅览室/ [索取号:G222.2/104] 在馆    
2 0591549   205915492   第四借阅区/ [索取号:G222.2/104] 在馆    
3 0591550   205915508   第四借阅区/ [索取号:G222.2/104] 在馆    
4 0591551   205915517   第四借阅区/ [索取号:G222.2/104] 在馆    
5 0591552   205915526   第四借阅区/ [索取号:G222.2/104] 在馆    
唐山师范学院图书馆 欢迎您!
大连网信软件有限公司© 版权所有